Vista normal
Vista MARC
Entrada Personal Name
Número de registros utilizados en: 1
001 - CONTROL NUMBER
- control field: 7745
003 - CONTROL NUMBER IDENTIFIER
- control field: OSt
005 - DATE AND TIME OF LATEST TRANSACTION
- control field: 20230519093223.0
008 - FIXED-LENGTH DATA ELEMENTS
- fixed length control field: 890126n| acannaabn |a aaa
010 ## - LIBRARY OF CONGRESS CONTROL NUMBER
- LC control number: 89604083
035 ## - SYSTEM CONTROL NUMBER
- System control number: (OCoLC)oca02446295
040 ## - CATALOGING SOURCE
- Original cataloging agency: DLC
- Language of cataloging: spa
- Transcribing agency: Mx-PuUPA
- Modifying agency: IEN
- Modifying agency: NmU
- Modifying agency: OCoLC
- Modifying agency: Mx-PuUPA
053 #0 - LC CLASSIFICATION NUMBER
- Classification number element--single number or beginning number of span: PN1998.3.M433
100 1# - HEADING--PERSONAL NAME
- Personal name: Medvedkin, Alexander,
372 ## - FIELD OF ACTIVITY
- Field of activity: Cine
374 ## - OCCUPATION
- Occupation: Cineasta
- Occupation: Autor
375 ## - GENDER
- Gender: hombre
377 ## - ASSOCIATED LANGUAGE
- Language code: spa
- Source of code: MARC code list for languages
400 1# - SEE FROM TRACING--PERSONAL NAME
- Personal name: Medvedkin, Aleksandr Ivanovich
670 ## - SOURCE DATA FOUND
- Source citation: nuc88-15114: El cine como propoganda política, 1979
- Information found: (hdg. on CLSU rept.: Medvedkin, Alexander Ivanovich, 1900- ; usage: Alexander Medvedkin)
670 ## - SOURCE DATA FOUND
- Source citation: LC data base, 1-26-89
- Information found: (hdg.: Medvedkin, Alexander)
670 ## - SOURCE DATA FOUND
- Source citation: Kino enëtìs. slovar§, 1986:
- Information found: (Medvedkin Aleksandr Ivanovich; b.3/8/1900; Soviet film director and screenplay writer)
670 ## - SOURCE DATA FOUND
- Source citation: Biblioteca del congreso (Estados Unidos), 05 julio 2018:
- Information found: catálogo electrónico
- Uniform Resource Identifier: https://goo.gl/QECHTC